World labour report : employment, incomes, social protection,new information technology (Record no. 496075)

000 -LEADER
fixed length control field 00437cam a22001217a 4500
008 - FIXED-LENGTH DATA ELEMENTS--GENERAL INFORMATION
fixed length control field 180718b1984 xxu||||| |||| 00| 0 eng d
020 ## - INTERNATIONAL STANDARD BOOK NUMBER
International Standard Book Number 9221036049
082 ## - DEWEY DECIMAL CLASSIFICATION NUMBER
Classification number R064 In8/ 1
245 ## - TITLE STATEMENT
Title World labour report : employment, incomes, social protection,new information technology
Statement of responsibility, etc. by International Labour Office
260 ## - PUBLICATION, DISTRIBUTION, ETC.
Place of publication, distribution, etc. Geneva
Name of publisher, distributor, etc. International Labour Office
Date of publication, distribution, etc. 1984
300 ## - PHYSICAL DESCRIPTION
Extent 215p.
700 ## - ADDED ENTRY--PERSONAL NAME
Personal name Switzerland. International Labour Office
Holdings
Withdrawn status Lost status Damaged status Not for loan Permanent Location Current Location Date acquired Full call number Barcode Date last seen Price effective from Koha item type
        Indian Institute of Public Administration Indian Institute of Public Administration 2018-08-04 R064 In8/ 1 GG16099 2018-08-04 2018-08-04 GG

Powered by Koha